Simvastatin prevents proliferation and bone metastases of lung adenocarcinoma in vitro and in vivo

Bibliographic Details
Main Authors: Liu, H. (Author), Li, W. (Author), Chen, Y. (Author), Li, Y. (Author), Wang, Z. (Author)
Format: Article
Language:English

MARC

LEADER 00000nab a2200000uu 4500
001 vtls011501061
003 SK-MaSNL
005 20260303155147.0
008 230222|2013 xo |||||||||||||||||eng|
015 |a SNBRB 
035 |a (urnnbn)urn:nbn:sk:snk:ar-a0afyw 
035 |a (uuid)911cc3b5-a4ac-40a4-9cfa-9991e66e4511 
035 |a urn:nbn:sk:snk-abdvhs 
040 |a SNKBUCL  |b slo  |c SNKBUCL  |e AACR2 
041 0 |a eng 
044 |a xo  |c SK 
100 1 |a Liu, H.  |4 aut  |9 806812 
245 1 0 |a Simvastatin prevents proliferation and bone metastases of lung adenocarcinoma in vitro and in vivo  |c H. Liu, W. Li, Y. Chen, Y. Li, Z. Wang 
700 1 |a Li, W.  |4 aut  |9 1142599 
700 1 |a Chen, Y.  |4 aut  |9 1144164 
700 1 |a Li, Y.  |4 aut  |9 1166362 
700 1 |a Wang, Z.  |4 aut  |9 987245 
773 0 |t Neoplasma : journal of experimental and clinical oncology  |g Roč. 60, č. 3 (2013), s. 240-246 
958 |a OND 
958 |a EUIPO 
958 |a article20 
999 |c 2038792  |d 2040722